000 00312nam a2200133Ia 4500
008 100328s9999 xx 000 0 und d
082 _b55019
100 _aAnand B.M.
245 _aStory Of Guru Nanak
260 _bHemkant
630 _aStory Of Guru Nanak
730 _aStory Of Guru Nanak
942 _cBOOK
999 _c541720
_d541717